01616 a2200241 4500003000500000005001700005010001700022020001500039035002300054040000900077082001600086245010500102260004900207300004500256440006300301505060800364650007200972650006001044650007301104700002501177856009101202856008101293Nust20221219131729.0 a 2005049375 a1584884657 a(OCoLC)ocm60644811 cNust00a621.384,BOU00aHandbook of algorithms for wireless networking and mobile computing /cedited by Azzedine Boukerche. aBoca Raton, FL :bChapman & Hall/CRC,c2006. a1 v. (various pagings) :bill. ;c27 cm. 0aChapman & Hall/CRC computer and information science series aSection.1 MAC Protocols and Scheduling Strategies in Wireless Networks (Page-23), Section.2 Routing Protocols and Location Awareness Strategies in Wireless Networks (Page-123), Section.3 Resource Allocation and Management in Wireless Networks (Page-415), Sectio.4 Mobility and Location Management in Wireless Networks (Page-477), Section.5 QoS in Wireless Networks (Page-613), Section.6 TCP Studies in Wireless Networks (Page-679), Section.7 Algorithms and Protocols for Bluetooth Wireless PAN (Page-725), Section.8 Wireless Sensor Networks (Page-813), Section.9 Security Issues in Wireless (Page-905).  0aMobile communication systemsxDesign and constructionxMathematics. 0aMobile computingxDesign and constructionxMathematics. 0aTelecommunication engineeringxDesign and constructionxMathematics.1 aBoukerche, Azzedine.413Publisher descriptionuhttp://www.loc.gov/catdir/enhancements/fy0664/2005049375-d.html413Table of contents onlyuhttp://www.loc.gov/catdir/toc/fy0707/2005049375.html